Vybrané metódy, techniky a prípadové štúdie z manažmentu

Guardado en:
Detalles Bibliográficos
Autor principal: Veselovská, Lenka
Autor Corporativo: Univerzita Mateja Bela v Banskej Bystrici. Ekonomická fakulta
Otros Autores: Janičková, Jana
Formato: Libro
Lenguaje:eslovaco
Publicado: Banská Bystrica BELIANUM 2022
Materias:
Etiquetas: Agregar Etiqueta
Sin Etiquetas, Sea el primero en etiquetar este registro!

MARC

LEADER 00000nam a2200000 4500
001 0283849
005 20240416114151.6
020 |a 978-80-557-1955-9 
041 0 |a slo 
044 |a SK 
245 1 0 |a Vybrané metódy, techniky a prípadové štúdie z manažmentu  |c Lenka Veselovská a Jana Janičková 
264 1 |a Banská Bystrica  |b BELIANUM  |c 2022 
300 |a 113 s. 
610 2 0 |a manažment 
610 2 0 |a riadenie rizík 
610 2 0 |a plánovanie 
610 2 0 |a vedenie ľudí 
610 2 0 |a rozhodovanie manažérske 
610 2 0 |a metódy rozhodovania 
610 2 0 |a rozhodovanie za rizika 
610 2 0 |a teória hier 
100 1 |a Veselovská, Lenka 
700 1 |a Janičková, Jana 
710 2 |a Univerzita Mateja Bela v Banskej Bystrici. Ekonomická fakulta